000 00878nam a2200253Ia 4500
003 OSt
005 20220925222313.0
006 a|||||r|||| 00| 0
007 ta
008 220923b |||||||| |||| 00| 0 eng d
020 _a9780230283626
_c4057.0100000000002
037 _b6014, 28/02/2011, Efficient Book Distributors
_cGeneral Book
040 _aRTL
_cRTL
_beng
041 _2eng
_aeng
082 _aX:(B), Q1
100 _aGREGORIOU Greg N
245 0 _aFinancial econometrics modeling
_b Market microstructure, factor models and financial risk measures
260 _aLondon
_bPalgrave Macmillan
_c2011
300 _axxii, 257p
_ccm.
650 _aEconomics
700 _a PASCALAU Razvan
_9287499
942 _hX:(B), Q1
_cGB
_2CC
999 _c576630
_d576630